Solo : A Star Wars Story Character Quiz - Statistics

General Stats
  • This quiz has been taken 111 times
  • The average score is 8 of 12
Answer Stats
Hint Answer % Correct
The main character Han Solo
100%
Wookie Chewbacca
98%
Owned the Millennium Falcon Lando Calrissian
90%
Han’s love Qi'ra
82%
Killed Aurra Sing Tobias Beckett
75%
Cameo at end of the movie Maul
71%
Has a scarred face Dryden Vos
64%
Droid who started a rebellion L3-37
62%
Above’s love Val
60%
Led the Cloud Riders Enfys Nest
55%
Four-armed creature Rio Durant
50%
Snake-like creature Lady Proxima
42%
No matching quizzes found
Score Distribution
Percent of People with Each Score
Percentile by Number Answered
Your Score History
You have not taken this quiz